000 00261nam a2200109Ia 4500
008 220204s9999 xx 000 0 und d
082 _a82-3
_bMAR
100 _aMarkandaya, Kamala
245 4 _aThe Golden honeycomb
260 _aNew York
_bNel
_c1977
942 _cBK
999 _c30908
_d30908